Autour du Minitel... - Statistiques

Statistiques générales
  • Ce quiz a été pris 16 fois
  • Le résultat moyen est 5 sur 25
Statistiques - réponses
Question Réponse % Correct
Que signifiait Minitel ? Medium interactif par numérisation d'information téléphonique
100%
Comment accédait-on à l'annuaire téléphonique sur Minitel ? par le 3611
100%
Fin janvier 1986, combien de foyers français possèdent un minitel ? 1,1 Millions
50%
L'apogée du nombre de foyers équipés d'un minitel est atteint en... 1993
50%
La première messagerie grand public est créée au printemps 1985 pour... Le Parisien Libéré
50%
Quel service n'est pas parmi les premiers à se développer sur minitel ? Les sites X
50%
L'un des premiers services de messagerie rose était alors connu de tous, c'était le 3615... Ulla
50%
Le minitel est présenté pour la 1ère fois en 1978
0%
Fin 1984, il existe 145 services sur minitel, combien y en a-t-il fin 1985 ? 2074
0%
En 2010, alors qu'internet est déjà répandu, combien de personnes utilisent encore couramment le minitel ? 2 Millions
0%
Le service d'annuaire français sur minitel s'arrête le... 30 juin 2012
0%
En 2020, une série raconte l'histoire de jeunes étudiants qui veulent créer une messagerie rose... La série s'appelle... 3615 Monique
0%
En 1990, quel pourcentage des appels représentent les messageries roses ? 50 %
0%
Un système semblable au minitel a été utilisé dans plusieurs pays mais pas... au Portugal
0%
Les 4000 premiers minitels sont distribués en remplacement de l'annuaire papier dans le département... de l'Ille-et-Vilaine
0%
Quelle est la particularité du terminal fourni aux expérimentateurs de Vélizy et sa région en 1980 ? il n'a pas d'écran
0%
Le minitel est inspiré d'une expérience japonaise
0%
Dès l'origine le minitel est conçu pour faciliter... le commerce à domicile
0%
Que se produit-il en juin 1985 ? Le réseau, trop sollicité, saute
0%
Le paiement de différents services du minitel est inspiré par ce qui existe déjà pour... le révéil téléphoné
0%
Quel(s) artiste(s) ne fait (font) pas allusion au minitel ? Michel Delpech
0%
Quelle industrie ne participe pas en 1982 au grand lancement du Minitel ? Radiola
0%
La première ville qui expérimente le minitel entre 1980 et 1982 est... Saint-Malo
0%
Dans les années 1990, un téléphone-répondeur équipé d'un petit écran fait office de minitel compact; il est appelé le Sillage
0%
Dérivé de ce qui existe sur minitel, France Télécom crée en 1995 son premier annuaire sur internet appelé... www.lespageszoom.com
0%
Aucun quiz correspondant
Distribution des résultats
% des personnes avec chaque résultat
Percentile par nombre de réponses
Votre historique - résultats
Vous n’avez pas pris ce quiz